Economrtrics by example / (Record no. 102119)
[ view plain ]
| 000 -LEADER | |
|---|---|
| fixed length control field | 01099nam a22002897a 4500 |
| 005 - DATE AND TIME OF LATEST TRANSACTION | |
| control field | 20170515143850.0 |
| 010 ## - LCCN (DPL NO) | |
| LC control number | 1617EN ENG-117032 |
| 020 ## - INTERNATIONAL STANDARD BOOK NUMBER | |
| International Standard Book Number | 9781137607348 |
| Terms of availability | 699.00 |
| 020 ## - INTERNATIONAL STANDARD BOOK NUMBER | |
| International Standard Book Number | 9781137607348 |
| Terms of availability | 600.00 |
| 035 ## - SYSTEM CONTROL NUMBER | |
| System control number | B-652170-176 |
| 035 ## - SYSTEM CONTROL NUMBER | |
| System control number | EN-100564 |
| 035 ## - SYSTEM CONTROL NUMBER | |
| System control number | B-669803 |
| 037 ## - SOURCE OF ACQUISITION | |
| Source of stock number/acquisition | Pragati |
| Stock number | dpl |
| 037 ## - SOURCE OF ACQUISITION | |
| Source of stock number/acquisition | DBAD/PUB |
| 082 ## - DEWEY DECIMAL CLASSIFICATION NUMBER | |
| Classification number | 330.015195 |
| 100 ## - MAIN ENTRY--PERSONAL NAME | |
| Personal name | Gujarati, Damodar |
| 245 ## - TITLE STATEMENT | |
| Title | Economrtrics by example / |
| Statement of responsibility, etc | by Damodar Gujarati, |
| 250 ## - EDITION STATEMENT | |
| Edition statement | 2nd ed. |
| 260 ## - PUBLICATION, DISTRIBUTION, ETC. (IMPRINT) | |
| Place of publication, distribution, etc | New York |
| Name of publisher, distributor, etc | Palgrave Macmillan |
| Date of publication, distribution, etc | 2015 |
| 270 ## - ADDRESS | |
| Address | 175 Fifth Avenue |
| City | New York |
| Postal code | 10010 |
| 300 ## - PHYSICAL DESCRIPTION | |
| Extent | xxx,466 p. : |
| Dimensions | 24cm(pbk) |
| Other physical details | ill |
| 500 ## - GENERAL NOTE | |
| General note | Includes index |
| 650 ## - SUBJECT ADDED ENTRY--TOPICAL TERM | |
| Topical term or geographic name as entry element | Ideology. |
| 942 ## - ADDED ENTRY ELEMENTS (KOHA) | |
| Source of classification or shelving scheme | Dewey Decimal Classification |
| Item type | English Books |
| Classification part | 330.015195 |
| Call number suffix | DAM |
| Withdrawn status | Lost status | Not for loan | Collection code | Home library | Current library | Date acquired | Source of acquisition | Cost, normal purchase price | Full call number | Barcode | Copy number | Cost, replacement price | Koha item type |
|---|---|---|---|---|---|---|---|---|---|---|---|---|---|
| Non-fiction | Ashok Vihar | Ashok Vihar | 15/05/2017 | BPPD/EN/2016-17/AV/2016-17/466/15.2.2017/568/28.2.2017/ 24.3.2017 | 600.00 | 330.015195 DAM | B-669803 | 1 | 600.00 | English Books | |||
| Non-fiction | Bawana | Bawana | 14/02/2017 | BPPD/EN/2016-17/300/24.11.2016/IN341/2.12.2017/4.1.2017 | 699.00 | 330.015195 DAM | B-652175 | 1 | 699.00 | English Books | |||
| Non-fiction | Central Library | Central Library | 14/02/2017 | BPPD/EN/2016-17/300/24.11.2016/IN341/2.12.2017/4.1.2017 | 699.00 | 330.015195 DAM | B-652170 | 1 | 699.00 | English Books | |||
| Non-fiction | Janak Puri | Janak Puri | 14/02/2017 | BPPD/EN/2016-17/300/24.11.2016/IN341/2.12.2017/4.1.2017 | 699.00 | 330.015195 DAM | B-652172 | 1 | 699.00 | English Books | |||
| Non-fiction | Narela | Narela | 14/02/2017 | BPPD/EN/2016-17/300/24.11.2016/IN341/2.12.2017/4.1.2017 | 699.00 | 330.015195 DAM | B-652174 | 1 | 699.00 | English Books | |||
| Non-fiction | Patel Nagar | Patel Nagar | 14/02/2017 | BPPD/EN/2016-17/300/24.11.2016/IN341/2.12.2017/4.1.2017 | 699.00 | 330.015195 DAM | B-652171 | 1 | 699.00 | English Books | |||
| Non-fiction | Peshwa Road | Peshwa Road | 06/01/2017 | DBAD/PUB | 699.00 | 330.015195 DAM | EN-100564 | 1 | 699.00 | English Books | |||
| Non-fiction | Sarojini Nagar | Sarojini Nagar | 14/02/2017 | BPPD/EN/2016-17/300/24.11.2016/IN341/2.12.2017/4.1.2017 | 699.00 | 330.015195 DAM | B-652173 | 1 | 699.00 | English Books | |||
| Non-fiction | Shahdara Branch | Shahdara Branch | 14/02/2017 | BPPD/EN/2016-17/300/24.11.2016/IN341/2.12.2017/4.1.2017 | 699.00 | 330.015195 DAM | B-652176 | 1 | 699.00 | English Books |
